000 00683cam a22002411 4500
008
020 _a0521069262(hbk.)
049 _aMAIN
090 _aQC355
100 1 _aLipson, S. G.
245 1 0 _aOptical physics /
_cBy S. G. Lipson and H. Lipson.
260 _aLondon :
_bCambridge University Press,
_c1969.
300 _axiii, 494 p. :
_bill. ;
_c23 cm.
504 _aIncludes bibliographical references.
500 _aIncludes index.
650 0 _aPhysical optics.
700 1 _aLipson, H.
907 _a.b1001262x
_b16-09-05
_c17-04-03
003
005 20230123134109.0
040 _cNUST
942 _cBOOKS
_kQC355
999 _c159994
_d159994